000 00385nam a2200157Ia 4500
008 230711s9999||||xx |||||||||||||| ||und||
041 _aENG
082 _a624
_bBH-W
100 _aBhra Fluid Engineering
245 0 _aWind energy system
250 _a1st Ed.
260 _c1982
_aBrighton
_bBhra Fluid Engineering Cranfield 
300 _a473
650 _aArchitecture
942 _cBK
999 _c2742
_d2742